<?xml version="1.0" encoding="UTF-8"?><?xml-stylesheet type="text/xsl" href="static/style.xsl"?><OAI-PMH xmlns="http://www.openarchives.org/OAI/2.0/" xmlns:xsi="http://www.w3.org/2001/XMLSchema-instance" xsi:schemaLocation="http://www.openarchives.org/OAI/2.0/ http://www.openarchives.org/OAI/2.0/OAI-PMH.xsd"><responseDate>2026-04-17T07:32:47Z</responseDate><request verb="GetRecord" identifier="oai:www.recercat.cat:2445/221161" metadataPrefix="marc">https://recercat.cat/oai/request</request><GetRecord><record><header><identifier>oai:recercat.cat:2445/221161</identifier><datestamp>2025-11-20T14:17:36Z</datestamp><setSpec>com_2072_1057</setSpec><setSpec>col_2072_478916</setSpec><setSpec>col_2072_478917</setSpec><setSpec>col_2072_478927</setSpec></header><metadata><record xmlns="http://www.loc.gov/MARC21/slim" xmlns:dcterms="http://purl.org/dc/terms/" xmlns:xsi="http://www.w3.org/2001/XMLSchema-instance" xmlns:doc="http://www.lyncode.com/xoai" xsi:schemaLocation="http://www.loc.gov/MARC21/slim http://www.loc.gov/standards/marcxml/schema/MARC21slim.xsd">
   <leader>00925njm 22002777a 4500</leader>
   <datafield ind2=" " ind1=" " tag="042">
      <subfield code="a">dc</subfield>
   </datafield>
   <datafield ind2=" " ind1=" " tag="720">
      <subfield code="a">Toledano-Serrabona, Jorge</subfield>
      <subfield code="e">author</subfield>
   </datafield>
   <datafield ind2=" " ind1=" " tag="720">
      <subfield code="a">Sánchez Torres, Alba</subfield>
      <subfield code="e">author</subfield>
   </datafield>
   <datafield ind2=" " ind1=" " tag="720">
      <subfield code="a">Camps Font, Octavi</subfield>
      <subfield code="e">author</subfield>
   </datafield>
   <datafield ind2=" " ind1=" " tag="720">
      <subfield code="a">Barbosa de Figueiredo, Rui Pedro</subfield>
      <subfield code="e">author</subfield>
   </datafield>
   <datafield ind2=" " ind1=" " tag="720">
      <subfield code="a">Gay Escoda, Cosme</subfield>
      <subfield code="e">author</subfield>
   </datafield>
   <datafield ind2=" " ind1=" " tag="720">
      <subfield code="a">Valmaseda Castellón, Eduardo</subfield>
      <subfield code="e">author</subfield>
   </datafield>
   <datafield ind2=" " ind1=" " tag="260">
      <subfield code="c">2025-05-21T15:30:19Z</subfield>
   </datafield>
   <datafield ind2=" " ind1=" " tag="260">
      <subfield code="c">2025-05-21T15:30:19Z</subfield>
   </datafield>
   <datafield ind2=" " ind1=" " tag="260">
      <subfield code="c">2020-11-01</subfield>
   </datafield>
   <datafield ind2=" " ind1=" " tag="260">
      <subfield code="c">2025-05-21T15:30:20Z</subfield>
   </datafield>
   <datafield ind2=" " ind1=" " tag="520">
      <subfield code="a">Purpose: The purpose was to determine the effect of watching an informative video about mandibular third molar (M3M) removal on patient anxiety and hemodynamic parameters. Patients and methods: A randomized controlled clinical trial was carried out in healthy patients (aged between 18 and 40 years) requiring M3M extraction under local anesthesia. Patients with previous tooth extractions, psychiatric disorders, or cardiac problems or patients undergoing anxiolytic or antidepressant drug treatment were excluded. Participants were randomized into 2 groups according to whether they watched an informative video about the surgical procedure (video group) or not (control group). The primary outcome variable was the difference between groups regarding patient anxiety assessed with the State-Trait Anxiety Inventory (STAI) and the Modified Dental Anxiety Scale (MDAS). The secondary outcome variables were hemodynamic parameters recorded during different moments of the surgical procedure. Descriptive, bivariate, and multivariate analyses were performed, and a repeated-measures mixed model was generated. Statistical significance was considered for P &lt; .05. Results: Fifty patients referred for M3M extraction met the inclusion criteria. The final data analysis was based on 47 patients: 25 from the video group and 22 controls. The bivariate analysis showed the video group to have a significant decrease in anxiety as measured by the MDAS (P = .006; 95% confidence interval [CI], -4.1 to -0.7) and STAI-State (P = .003; 95% CI, -13.7 to -0.7). A significantly lower heart rate was likewise found in the video group (χ2 = 4.30, df = 1, P = .038). The linear regression analysis adjusting for the STAI-Trait also showed lower dental anxiety measured by the MDAS in the video group (P = .023; 95% CI, 0.32 to 4.14). Conclusions: Providing preoperative information through an informative video about M3M removal significantly reduces patient anxiety and heart rate during the surgical procedure.</subfield>
   </datafield>
   <datafield tag="653" ind2=" " ind1=" ">
      <subfield code="a">Hemodinàmica</subfield>
   </datafield>
   <datafield tag="653" ind2=" " ind1=" ">
      <subfield code="a">Extracció dental</subfield>
   </datafield>
   <datafield tag="653" ind2=" " ind1=" ">
      <subfield code="a">Ansietat</subfield>
   </datafield>
   <datafield tag="653" ind2=" " ind1=" ">
      <subfield code="a">Queixal del seny</subfield>
   </datafield>
   <datafield tag="653" ind2=" " ind1=" ">
      <subfield code="a">Hemodynamics</subfield>
   </datafield>
   <datafield tag="653" ind2=" " ind1=" ">
      <subfield code="a">Teeth extraction</subfield>
   </datafield>
   <datafield tag="653" ind2=" " ind1=" ">
      <subfield code="a">Anxiety</subfield>
   </datafield>
   <datafield tag="653" ind2=" " ind1=" ">
      <subfield code="a">Wisdom tooth</subfield>
   </datafield>
   <datafield ind2="0" ind1="0" tag="245">
      <subfield code="a">Effect of an informative video on anxiety and hemodynamic parameters in patients requiring mandibular third molar extraction: a randomized clinical trial</subfield>
   </datafield>
</record></metadata></record></GetRecord></OAI-PMH>